{"text_format":"3","workbook":"xlsx","n_sheets":1,"sheets":["t70"],"read":"whole","date_system":"1900"}

{"sheet":"t70","index":0,"n_rows":158,"n_cols":7,"rows_kept":158,"merged":[[0,0,0,6],[30,0,30,5],[41,0,41,5],[142,0,142,5]]}
["TABELA 70.1 - Estatísticas Agrícolas, Município de Bento de Abreu, Estado de São Paulo, 2007/08."]
["ITEM","UNIDADE","N.DE UPAs","MÍNIMO","MÉDIO","MÁXIMO","TOTAL"]
["Distância à sede do município","km",117,0.1,{"v":8.43,"d":"8.4"},{"v":25,"d":"25.0"},"-"]
["Área total","hectare",117,1.2,{"v":255.92,"d":"255.9"},{"v":4742,"d":"4,742.0"},{"v":29942.3,"d":"29,942.3"}]
["Área com cultura perene","hectare",4,0.4,1.7,{"v":4,"d":"4.0"},6.8]
["Área com cultura temporária","hectare",83,1.2,{"v":228.33,"d":"228.3"},{"v":4221.7,"d":"4,221.7"},{"v":18951.2,"d":"18,951.2"}]
["Área com pastagem","hectare",76,{"v":1,"d":"1.0"},{"v":93.52,"d":"93.5"},919.6,{"v":7107.8,"d":"7,107.8"}]
["Área com reflorestamento","hectare",4,1.2,{"v":2.25,"d":"2.3"},3.6,{"v":9,"d":"9.0"}]
["Área com vegetação natural","hectare",56,0.1,{"v":20.81,"d":"20.8"},{"v":242,"d":"242.0"},{"v":1165.3,"d":"1,165.3"}]
["Área com vegetação de brejo e várzea","hectare",88,0.1,{"v":7.39,"d":"7.4"},48.4,{"v":650,"d":"650.0"}]
["Área em descanso","hectare",2,60.5,{"v":63.25,"d":"63.3"},{"v":66,"d":"66.0"},126.5]
["Área complementar","hectare",116,0.1,16.6,{"v":363,"d":"363.0"},{"v":1925.7,"d":"1,925.7"}]
["Área das UPAs com (0, 1] ha","hectare","-","-","-","-","-"]
["Área das UPAs com (1, 2] ha","hectare",2,1.2,1.2,1.2,2.4]
["Área das UPAs com (2, 5] ha","hectare",2,2.2,{"v":2.25,"d":"2.3"},2.3,4.5]
["Área das UPAs com (5, 10] ha","hectare",8,5.2,{"v":7.06,"d":"7.1"},9.7,56.5]
["Área das UPAs com (10, 20] ha","hectare",21,11.4,{"v":14.72,"d":"14.7"},19.3,309.1]
["Área das UPAs com (20, 50] ha","hectare",20,20.5,{"v":33.73,"d":"33.7"},47.2,674.5]
["Área das UPAs com (50, 100] ha","hectare",12,50.8,{"v":67.69,"d":"67.7"},98.5,812.3]
["Área das UPAs com (100, 200] ha","hectare",18,103.4,{"v":152.71,"d":"152.7"},193.5,{"v":2748.7,"d":"2,748.7"}]
["Área das UPAs com (200, 500] ha","hectare",15,207.6,{"v":325.83,"d":"325.8"},451.3,{"v":4887.4,"d":"4,887.4"}]
["Área das UPAs com (500, 1.000] ha","hectare",14,500.9,{"v":740.35,"d":"740.4"},{"v":1000,"d":"1,000.0"},{"v":10364.9,"d":"10,364.9"}]
["Área das UPAs com (1.000, 2.000] ha","hectare",4,{"v":1116.1,"d":"1,116.1"},{"v":1335,"d":"1,335.0"},{"v":1759.3,"d":"1,759.3"},{"v":5340,"d":"5,340.0"}]
["Área das UPAs com (2.000, 5.000] ha","hectare",1,{"v":4742,"d":"4,742.0"},{"v":4742,"d":"4,742.0"},{"v":4742,"d":"4,742.0"},{"v":4742,"d":"4,742.0"}]
["Área das UPAs com (5.000, 10.000] ha","hectare","-","-","-","-","-"]
["Área das UPAs acima de 10.000 ha","hectare","-","-","-","-","-"]
["Familiares do proprietário que trabalham na UPA","unidade",47,{"v":1,"d":"1.0"},1.4,{"v":4,"d":"4.0"},{"v":66,"d":"66.0"}]
["Trabalhadores permanentes","unidade",44,{"v":1,"d":"1.0"},{"v":5.07,"d":"5.1"},{"v":145,"d":"145.0"},{"v":223,"d":"223.0"}]
["Fonte: Secretaria de Agricultura e Abastecimento, CDRS/IEA, Projeto LUPA."]
[]
["TABELA 70.2 - Explorações Animais, Município de Bento de Abreu, Estado de São Paulo, 2007/08."]
["ITEM","UNIDADE","N.DE UPAs","MÍNIMO","MÉDIO","MÁXIMO","TOTAL"]
["Asininos E Muares","cabeças",11,{"v":1,"d":"1.0"},{"v":5.27,"d":"5.3"},{"v":32,"d":"32.0"},{"v":58,"d":"58.0"}]
["Bovinocultura de Corte","cabeças",29,{"v":20,"d":"20.0"},{"v":342.31,"d":"342.3"},{"v":1500,"d":"1,500.0"},{"v":9927,"d":"9,927.0"}]
["Bovinocultura Mista","cabeças",59,{"v":4,"d":"4.0"},{"v":31.49,"d":"31.5"},{"v":250,"d":"250.0"},{"v":1858,"d":"1,858.0"}]
["Caprinocultura","cabeças",1,{"v":112,"d":"112.0"},{"v":112,"d":"112.0"},{"v":112,"d":"112.0"},{"v":112,"d":"112.0"}]
["Equinocultura","cabeças",54,{"v":1,"d":"1.0"},{"v":5.98,"d":"6.0"},{"v":40,"d":"40.0"},{"v":323,"d":"323.0"}]
["Ovinocultura","cabeças",10,{"v":9,"d":"9.0"},46.4,{"v":160,"d":"160.0"},{"v":464,"d":"464.0"}]
["Suinocultura","cabeças",1,{"v":15,"d":"15.0"},{"v":15,"d":"15.0"},{"v":15,"d":"15.0"},{"v":15,"d":"15.0"}]
["Fonte: Secretaria de Agricultura e Abastecimento, CDRS/IEA, Projeto LUPA."]
[]
["TABELA 70.3 -  Máquinas, Implementos e Benfeitorias, Município de Bento de Abreu, Estado de São Paulo, 2007/08."]
["ITEM","UNIDADE","N.DE UPAs","MÍNIMO","MÉDIO","MÁXIMO","TOTAL"]
["Arado Comum (Bacia, Aiveca)","Unidade",27,{"v":1,"d":"1.0"},{"v":1.37,"d":"1.4"},{"v":5,"d":"5.0"},{"v":37,"d":"37.0"}]
["Arado Escarificador","Unidade",4,{"v":1,"d":"1.0"},2.5,{"v":5,"d":"5.0"},{"v":10,"d":"10.0"}]
["Arado Subsolador","Unidade",8,{"v":1,"d":"1.0"},{"v":1.75,"d":"1.8"},{"v":5,"d":"5.0"},{"v":14,"d":"14.0"}]
["Batedeira de Cereais","Unidade",2,{"v":1,"d":"1.0"},{"v":1,"d":"1.0"},{"v":1,"d":"1.0"},{"v":2,"d":"2.0"}]
["Carregadeira de Cana","Unidade",1,{"v":8,"d":"8.0"},{"v":8,"d":"8.0"},{"v":8,"d":"8.0"},{"v":8,"d":"8.0"}]
["Colhedeira Acoplada","Unidade",2,{"v":1,"d":"1.0"},{"v":1,"d":"1.0"},{"v":1,"d":"1.0"},{"v":2,"d":"2.0"}]
["Colhedeira Automotriz","Unidade",3,{"v":1,"d":"1.0"},{"v":2.33,"d":"2.3"},{"v":3,"d":"3.0"},{"v":7,"d":"7.0"}]
["Computador","Unidade",5,{"v":1,"d":"1.0"},{"v":12,"d":"12.0"},{"v":56,"d":"56.0"},{"v":60,"d":"60.0"}]
["Conj.Irrigação Autopropelido","Unidade",2,{"v":1,"d":"1.0"},2.5,{"v":4,"d":"4.0"},{"v":5,"d":"5.0"}]
["Conj.Irrigação Convencional","Unidade",1,{"v":2,"d":"2.0"},{"v":2,"d":"2.0"},{"v":2,"d":"2.0"},{"v":2,"d":"2.0"}]
["Conj.Irrigação/Gotejamento/Microaspersão","Unidade",2,{"v":1,"d":"1.0"},{"v":1,"d":"1.0"},{"v":1,"d":"1.0"},{"v":2,"d":"2.0"}]
["Desintegrador de Palha (Plantio Direto)","Unidade",2,{"v":1,"d":"1.0"},{"v":1,"d":"1.0"},{"v":1,"d":"1.0"},{"v":2,"d":"2.0"}]
["Desintegrador, Picador, Triturador","Unidade",35,{"v":1,"d":"1.0"},{"v":1.09,"d":"1.1"},{"v":2,"d":"2.0"},{"v":38,"d":"38.0"}]
["Distribuidor de Calcário","Unidade",20,{"v":1,"d":"1.0"},{"v":1.55,"d":"1.6"},{"v":3,"d":"3.0"},{"v":31,"d":"31.0"}]
["Ensiladeira","Unidade",10,{"v":1,"d":"1.0"},1.3,{"v":2,"d":"2.0"},{"v":13,"d":"13.0"}]
["Grade Aradora (Tipo Romi)","Unidade",24,{"v":1,"d":"1.0"},{"v":1.75,"d":"1.8"},{"v":4,"d":"4.0"},{"v":42,"d":"42.0"}]
["Grade Niveladora","Unidade",31,{"v":1,"d":"1.0"},{"v":1.35,"d":"1.4"},{"v":4,"d":"4.0"},{"v":42,"d":"42.0"}]
["Implementos para Tração Animal","Unidade",6,{"v":1,"d":"1.0"},1.5,{"v":3,"d":"3.0"},{"v":9,"d":"9.0"}]
["Máquina de Classificar Ovo","Unidade",1,{"v":1,"d":"1.0"},{"v":1,"d":"1.0"},{"v":1,"d":"1.0"},{"v":1,"d":"1.0"}]
["Microtrator","Unidade",2,{"v":1,"d":"1.0"},{"v":1,"d":"1.0"},{"v":1,"d":"1.0"},{"v":2,"d":"2.0"}]
["Misturador de Ração","Unidade",7,{"v":1,"d":"1.0"},{"v":1,"d":"1.0"},{"v":1,"d":"1.0"},{"v":7,"d":"7.0"}]
["Ordenhadeira Mecânica","Unidade",2,{"v":1,"d":"1.0"},{"v":1,"d":"1.0"},{"v":1,"d":"1.0"},{"v":2,"d":"2.0"}]
["Pulverizador Tratorizado","Unidade",17,{"v":1,"d":"1.0"},{"v":1.76,"d":"1.8"},{"v":4,"d":"4.0"},{"v":30,"d":"30.0"}]
["Resfriador de Leite, Tanque Expansão","Unidade",4,{"v":1,"d":"1.0"},{"v":1,"d":"1.0"},{"v":1,"d":"1.0"},{"v":4,"d":"4.0"}]
["Semeadeira/Adubadeira para Plantio Convencional","Unidade",12,{"v":1,"d":"1.0"},{"v":1.25,"d":"1.3"},{"v":3,"d":"3.0"},{"v":15,"d":"15.0"}]
["Semeadeira/Plantadeira Plantio Direto","Unidade",5,{"v":1,"d":"1.0"},1.2,{"v":2,"d":"2.0"},{"v":6,"d":"6.0"}]
["Terraceador","Unidade",11,{"v":1,"d":"1.0"},{"v":1.18,"d":"1.2"},{"v":2,"d":"2.0"},{"v":13,"d":"13.0"}]
["Trator de Esteiras","Unidade",2,{"v":1,"d":"1.0"},{"v":1,"d":"1.0"},{"v":1,"d":"1.0"},{"v":2,"d":"2.0"}]
["Trator de Pneus","Unidade",39,{"v":1,"d":"1.0"},{"v":2.74,"d":"2.7"},{"v":13,"d":"13.0"},{"v":107,"d":"107.0"}]
["Açude/Represa","Unidade",59,{"v":1,"d":"1.0"},{"v":2.73,"d":"2.7"},{"v":9,"d":"9.0"},{"v":161,"d":"161.0"}]
["Adega Cantina","Unidade",1,{"v":1,"d":"1.0"},{"v":1,"d":"1.0"},{"v":1,"d":"1.0"},{"v":1,"d":"1.0"}]
["Almoxarifado/Oficina","Unidade",16,{"v":1,"d":"1.0"},{"v":1,"d":"1.0"},{"v":1,"d":"1.0"},{"v":16,"d":"16.0"}]
["Armazém para Grãos Ensacados","Sacas",4,{"v":1,"d":"1.0"},{"v":1,"d":"1.0"},{"v":1,"d":"1.0"},{"v":4,"d":"4.0"}]
["Balança para Bovinos","Unidade",15,{"v":1,"d":"1.0"},{"v":1,"d":"1.0"},{"v":1,"d":"1.0"},{"v":15,"d":"15.0"}]
["Balança para Veículos","Unidade",2,{"v":1,"d":"1.0"},1.5,{"v":2,"d":"2.0"},{"v":3,"d":"3.0"}]
["Barracão para Granja/Avicultura","Unidade",3,{"v":1,"d":"1.0"},{"v":3,"d":"3.0"},{"v":6,"d":"6.0"},{"v":9,"d":"9.0"}]
["Barracão/Galpão/Garagem","Unidade",41,{"v":1,"d":"1.0"},{"v":1.27,"d":"1.3"},{"v":5,"d":"5.0"},{"v":52,"d":"52.0"}]
["Casa de Moradia Habitada","Unidade",57,{"v":1,"d":"1.0"},{"v":1.56,"d":"1.6"},{"v":5,"d":"5.0"},{"v":89,"d":"89.0"}]
["Casa de Moradia Total","Unidade",75,{"v":1,"d":"1.0"},{"v":2.13,"d":"2.1"},{"v":16,"d":"16.0"},{"v":160,"d":"160.0"}]
["Curral/Mangueira","Unidade",71,{"v":1,"d":"1.0"},{"v":1.08,"d":"1.1"},{"v":4,"d":"4.0"},{"v":77,"d":"77.0"}]
["Depósito/Tulha","Unidade",57,{"v":1,"d":"1.0"},{"v":1.28,"d":"1.3"},{"v":4,"d":"4.0"},{"v":73,"d":"73.0"}]
["Estábulo","Unidade",1,{"v":1,"d":"1.0"},{"v":1,"d":"1.0"},{"v":1,"d":"1.0"},{"v":1,"d":"1.0"}]
["Estufa/Plasticultura","m²",1,{"v":384,"d":"384.0"},{"v":384,"d":"384.0"},{"v":384,"d":"384.0"},{"v":384,"d":"384.0"}]
["Fábrica de Ração","Unidade",5,{"v":1,"d":"1.0"},{"v":1,"d":"1.0"},{"v":1,"d":"1.0"},{"v":5,"d":"5.0"}]
["Poço Semi-Artesiano","Unidade",42,{"v":1,"d":"1.0"},{"v":1.05,"d":"1.1"},{"v":2,"d":"2.0"},{"v":44,"d":"44.0"}]
["Silo para Silagem","t",1,{"v":1,"d":"1.0"},{"v":1,"d":"1.0"},{"v":1,"d":"1.0"},{"v":1,"d":"1.0"}]
["Terreiro","m²",13,{"v":1,"d":"1.0"},{"v":556.69,"d":"556.7"},{"v":2400,"d":"2,400.0"},{"v":7237,"d":"7,237.0"}]
["Usina de Açúcar/destilaria","Unidade",1,{"v":1,"d":"1.0"},{"v":1,"d":"1.0"},{"v":1,"d":"1.0"},{"v":1,"d":"1.0"}]
["Fonte: Secretaria de Agricultura e Abastecimento, CDRS/IEA, Projeto LUPA."]
[]
["TABELA 70.4 - Outras Estatísticas Agrícolas, Município de Bento de Abreu, Estado de São Paulo, 2007/08."]
["ITEM","Número de UPAs",null,"Percentual"]
["Faz Parte de Associação de Produtores",75,null,{"v":64.1025641025641,"d":"64.1"}]
["Faz Parte de Cooperativa de Produtores",73,null,{"v":62.39316239316239,"d":"62.4"}]
["Faz Parte do Sindicato de Produtores",63,null,{"v":53.84615384615385,"d":"53.8"}]
["Não utiliza assistência técnica ",40,null,{"v":34.18803418803419,"d":"34.2"}]
["Utiliza somente assistência técnica governamental ",17,null,{"v":14.52991452991453,"d":"14.5"}]
["Utiliza somente assistência técnica privada ",50,null,{"v":42.73504273504273,"d":"42.7"}]
["Utiliza assistência técnica tanto governamental quanto privada",10,null,{"v":8.547008547008547,"d":"8.5"}]
["Utiliza Crédito Rural",35,null,{"v":29.91452991452991,"d":"29.9"}]
["Utiliza Seguro Rural",14,null,{"v":11.965811965811966,"d":"12.0"}]
["Utiliza Escrituração Agrícola",87,null,{"v":74.35897435897435,"d":"74.4"}]
["Acessa Internet p/ Fins na Agropecuária",39,null,{"v":33.333333333333336,"d":"33.3"}]
["Utiliza Computador nas Atividades Agropecuárias",46,null,{"v":39.31623931623931,"d":"39.3"}]
["Utiliza Energia Elétrica Para Uso na Atividade Agrícola",81,null,{"v":69.23076923076923,"d":"69.2"}]
["Realiza Análise de Solo, quando necessário",84,null,{"v":71.7948717948718,"d":"71.8"}]
["Utiliza Práticas de Conservação de Solo, quando necessário",103,null,{"v":88.03418803418802,"d":"88.0"}]
["Faz Adubação Mineral, quando necessário",98,null,{"v":83.76068376068376,"d":"83.8"}]
["Faz Adubação Orgânica, quando necessário",53,null,{"v":45.299145299145295,"d":"45.3"}]
["Faz Adubação Verde, quando necessário",9,null,{"v":7.6923076923076925,"d":"7.7"}]
["Utiliza Manejo Integrado de Pragas (MIP)",4,null,{"v":3.418803418803419,"d":"3.4"}]
["Utiliza Hidroponia","-",null,"-"]
["Utiliza Plasticultura","-",null,"-"]
["Utiliza Mudas Fiscalizadas",81,null,{"v":69.23076923076923,"d":"69.2"}]
["Utiliza Semente Melhorada",20,null,{"v":17.094017094017094,"d":"17.1"}]
["Faz Confinamento de Bovinos",7,null,{"v":5.982905982905983,"d":"6.0"}]
["Utiliza Pastejo Intensivo",11,null,{"v":9.401709401709402,"d":"9.4"}]
["Faz Inseminação Artificial","-",null,"-"]
["Faz Mineralização do Rebanho",72,null,{"v":61.53846153846153,"d":"61.5"}]
["Faz Vermifugação do Rebanho",72,null,{"v":61.53846153846153,"d":"61.5"}]
["Possui Parceiros /Arrendatários na Exploração Animal",16,null,{"v":13.675213675213676,"d":"13.7"}]
["Esporte e lazer","-",null,"-"]
["Extração mineral","-",null,"-"]
["Hotel Fazenda, Pousada ou SPA","-",null,"-"]
["Pesque-pague","-",null,"-"]
["Restaurante ou Lanchonete","-",null,"-"]
["Transformação artesanal","-",null,"-"]
["Turismo rural ou ecoturismo","-",null,"-"]
["Outras atividades econômicas rurais",2,null,{"v":1.7094017094017095,"d":"1.7"}]
["Agroindústria","-",null,"-"]
["Proprietário sem instrução ou com instrução incompleta",5,null,{"v":4.273504273504273,"d":"4.3"}]
["Proprietário com antigo primário completo",36,null,{"v":30.769230769230766,"d":"30.8"}]
["Proprietário com 1° grau (ou antigo ginasial) completo",14,null,{"v":11.965811965811966,"d":"12.0"}]
["Proprietário com 2° grau (ou antigo colegial) completo",23,null,{"v":19.658119658119656,"d":"19.7"}]
["Proprietário com curso superior completo ",36,null,{"v":30.769230769230766,"d":"30.8"}]
["Pessoa Jurídica",3,null,{"v":2.564102564102564,"d":"2.6"}]
["Proprietário residente na própria UPA ",10,null,{"v":8.547008547008547,"d":"8.5"}]
["Fonte: Secretaria de Agricultura e Abastecimento, CDRS/IEA, Projeto LUPA."]
[]
["TABELA 70.5 - Área Cultivada, Município de Bento de Abreu, Estado de São Paulo, 2007/08."]
["CULTURA","N.DE UPAs","MÍNIMO","MÉDIO","MÁXIMO","TOTAL"]
["Cana-de-acucar",83,1.2,226.1,{"v":4221.7,"d":"4,221.7"},{"v":18766.2,"d":"18,766.2"}]
["Braquiaria",68,0.5,{"v":94.53,"d":"94.5"},919.6,{"v":6428.3,"d":"6,428.3"}]
["Coloniao",9,{"v":6,"d":"6.0"},{"v":50.98,"d":"51.0"},{"v":200,"d":"200.0"},458.8]
["Milho",5,12.1,{"v":45.46,"d":"45.5"},96.8,227.3]
["Gramas",41,0.5,{"v":5.36,"d":"5.4"},48.5,219.7]
["Soja",2,12.1,{"v":96.05,"d":"96.1"},{"v":180,"d":"180.0"},192.1]
["Crotalaria",1,{"v":102,"d":"102.0"},{"v":102,"d":"102.0"},{"v":102,"d":"102.0"},{"v":102,"d":"102.0"}]
["Sorgo",1,{"v":70,"d":"70.0"},{"v":70,"d":"70.0"},{"v":70,"d":"70.0"},{"v":70,"d":"70.0"}]
["Eucalipto",4,1.2,{"v":2.25,"d":"2.3"},3.6,{"v":9,"d":"9.0"}]
["Cafe",2,0.4,2.2,{"v":4,"d":"4.0"},4.4]
["Coco-da-baia",1,1.8,1.8,1.8,1.8]
["Capim-napier (ou capim-elefante)",1,{"v":1,"d":"1.0"},{"v":1,"d":"1.0"},{"v":1,"d":"1.0"},{"v":1,"d":"1.0"}]
["Seringueira",1,0.6,0.6,0.6,0.6]
["Fonte: Secretaria de Agricultura e Abastecimento, CDRS/IEA, Projeto LUPA."]